| 000 | 01571nam a2200289 a 4500 | ||
|---|---|---|---|
| 001 | 000002287 | ||
| 005 | 20200929150158.0 | ||
| 008 | 090701s2008 dr r 001 0 spa d | ||
| 020 | _a9945160486 | ||
| 040 |
_aDO-SdBNP _bspa _cBNPHU |
||
| 082 |
_a460.7 _bA475m, 2008 |
||
| 100 | 1 |
_aAlvino Romero, Sonia _9520 |
|
| 245 | 1 | 0 |
_aManual práctico de redacción general / _cSonia Alvino Romero. |
| 250 | _a4a. ed. corr. | ||
| 260 |
_aSanto Domingo : _bBuho, _c2008. |
||
| 300 |
_a201 p. ; _c28 cm. |
||
| 504 | _aBibliografía : p. 199-201 | ||
| 505 | 0 |
_aPrólogo -- _tIntroducción -- _tPrimera unidad _tLa comunicación: su importancia para el ser humano -- _tLa lectura -- _t¿Qué es redactar? -- _tLa expresión común y la literaria -- _tEl estilo -- _tEl párrafo -- _tEl resumen -- _tLa síntesis -- _tLa acentuación -- _tUsos de la letra mayúscula -- _tLos signos de puntuación -- _tAlgunas dudas lingüísticas que surgen al momento de redactar -- _tSegunda unidad. _tDistintas formas de expresión -- _tTercera unidad. _tLa titulación -- _tLa bibliografía -- _tRedacción textos expositivos e informativos -- _tLa redacción periodística -- _tLa redacción publicitaria. |
|
| 590 | _aInventariado, 2018/BT | ||
| 650 | 4 |
_aEspañol _xEnseñanza _9406 |
|
| 650 | 4 |
_aRedacción _xEjercicios de redacción _91227 |
|
| 650 | 4 |
_aEspañol _xOrtografía _xEnseñanza _91228 |
|
| 650 | 4 |
_aEspañol _xLibros de texto _91133 |
|
| 650 | 4 |
_aPreparación de manuscritos (arte de escribir) _91230 |
|
| 650 | 4 |
_aPeriodismo _xArte de escribir _927 |
|
| 910 | _aValidado. Control de calidad. MMOLINA | ||
| 999 |
_c2132 _d2132 |
||